000 00330nam a22001457a 4500
003 OSt
008 250129b |||||||| |||| 00| 0 eng d
020 _a9780241595763
100 _aSHARMA,Ruchir
245 _aWhat Went Wrong With Capitalism
250 _a1st
260 _aUK
_bPenguin
_c2024
300 _a368
942 _2ddc
_cBK
999 _c13043
_d13043